KSČ a výstavba socializmu na Slovensku 6 Narastanie krízy v strane a spoločnosti po 13. zjazde KSČ. Výskumná správa
Salvato in:
| Autore principale: | |
|---|---|
| Altri autori: | |
| Natura: | Libro |
| Lingua: | slovacco |
| Pubblicazione: |
Bratislava
VŠE
1985
|
| Edizione: | 1. vyd. |
| Tags: |
Nessun Tag, puoi essere il primo ad aggiungerne!!
|
MARC
| LEADER | 00000nam a2200000 4500 | ||
|---|---|---|---|
| 001 | c041888 | ||
| 005 | 20250121090248.8 | ||
| 041 | 0 | |a slo | |
| 044 | |a SK | ||
| 245 | 1 | 0 | |a KSČ a výstavba socializmu na Slovensku 6 |b Narastanie krízy v strane a spoločnosti po 13. zjazde KSČ. Výskumná správa |c E. Masár, M. Sládková |
| 250 | |a 1. vyd. | ||
| 264 | 1 | |a Bratislava |b VŠE |c 1985 | |
| 300 | |a S.123-209 | ||
| 100 | 1 | |a Masár, Eduard | |
| 700 | 1 | |a Sládková, Mária | |